| 000 | 01660nam a2200517 i 4500 | ||
|---|---|---|---|
| 001 | 8127 | ||
| 003 | KOSZ 005 | ||
| 005 | 20201216102025.0 | ||
| 008 | 080620s1961 pl a f f |000 0 pol | ||
| 015 | _aUWD 1961/5390 | ||
| 035 | _a991042747019705066 | ||
| 035 | _a(PL-WaBN)b21495968-48omnis_nlop | ||
| 035 | _ab21495968 | ||
| 035 | _a(OCoLC)749440175 | ||
| 035 | _a(PL)b0000002149596 | ||
| 035 | _a(EXLNZ-48OMNIS_NETWORK)9910205384305606 | ||
| 040 |
_aWA N _cWA N _dKOSZ 005/HR |
||
| 046 | _k1961 | ||
| 080 | _a542 | ||
| 080 | _a(07) | ||
| 100 | 1 |
_aBellen, Natalia _eAutor |
|
| 245 | 1 | 0 |
_aPoradnik laboranta-chemika / _cN. Bellen, A. Gutorska. |
| 260 |
_aWarszawa : _bWydawnictwa Naukowo-Techniczne, _c1961. |
||
| 300 |
_a230, [2] s. : _bil. ; _c21 cm. |
||
| 336 |
_aTekst _btxt _2rdacontent |
||
| 337 |
_aBez urządzenia pośredniczącego _bn _2rdamedia |
||
| 338 |
_aWolumin _bnc _2rdacarrier |
||
| 380 | _aKsiążki | ||
| 380 | _aPublikacje dydaktyczne | ||
| 380 | _aPublikacje fachowe | ||
| 385 |
_mPoziom nauczania _aTecnikum |
||
| 388 | _a1901-2000 | ||
| 388 | _a1945-1989 | ||
| 500 | _aNa okł. kolejność aut.: A. Gutorska, N. Bellen. | ||
| 504 | _aBibliogr. | ||
| 521 | 8 | _aDla laborantów i uczniów techników chemicznych. | |
| 650 | 7 |
_aChemia _2DBN |
|
| 650 | 7 |
_aLaboratoria _2DBN |
|
| 655 | 7 |
_aPoradnik _2DBN |
|
| 658 | _aChemia | ||
| 700 | 1 |
_aGutorska, Alicja _eAutor |
|
| 710 | 2 |
_aWydawnictwa Naukowo-Techniczne _4pbl |
|
| 856 |
_uhttp://koha.tu.koszalin.pl/cgi-bin/koha/opac-detail.pl?biblionumber=8127 _yKatalog BPK |
||
| 942 |
_2UKD _cKS |
||
| 999 |
_c8127 _d8127 |
||